№ 8; Безопасность жизнедеятельности; Новое направление научного знания - ноксология. Ч. 1. Теоретическая ноксология

Detaylı Bibliyografya
Parent link:Безопасность жизнедеятельности: научно-практический и учебно-методический журнал. № 8.— , 2001-
Dil:Rusça
Baskı/Yayın Bilgisi: 2013
TOC:С. В. Белов, Е. Н. Симакова, Новое направление научного знания - ноксология. Ч. 1. Теоретическая ноксология;
Materyal Türü: MixedMaterials Kitap
KOHA link:https://koha.lib.tpu.ru/cgi-bin/koha/opac-detail.pl?biblionumber=518287

MARC

LEADER 00000nam2a2200000 4500
001 518287
005 20231101105841.0
035 |a (RuTPU)RU\TPU\prd\196884 
090 |a 518287 
100 |a 20131011a20019999m y0rusy50 ca 
101 0 |a rus 
102 |a RU 
200 0 |a № 8 
210 |d 2013 
461 1 |0 (RuTPU)RU\TPU\prd\1137  |t Безопасность жизнедеятельности  |o научно-практический и учебно-методический журнал  |v № 8  |d 2001- 
464 |t Новое направление научного знания - ноксология. Ч. 1. Теоретическая ноксология  |o приложение к журналу  |f С. В. Белов, Е. Н. Симакова 
801 0 |a RU  |b 63413507  |c 20010227  |g PSBO 
801 1 |a RU  |b 63413507  |c 20131011 
801 2 |a RU  |b 63413507  |c 20210218  |g RCR 
942 |c BK 
999 |a НТБ_ТПУ  |b НФ  |e -1/20130109  |p П-9201  |s 3/20130508  |u 0,00  |v 1